000
00201 a2200097 4500
001
8459
090
_c
6825
_d
6825
100
_a
Shaw, B
245
_a
The devil's disciple (Transfered to SOA)
260
_b
Langmans
942
_a
NUST-CAE
999
_c
243532
_d
243532